HUMAN enhancement drugs

Saved in:
Bibliografiske detaljer
Format: Bog
Sprog:engelsk
Udgivet: Routledge 2020
Tags: Tilføj Tag
Ingen Tags, Vær først til at tagge denne postø!

MARC

LEADER 00000nam a22000007a 4500
008 231222b |||||||| |||| 00| 0 eng d
020 |a 9781138552791 
245 |a HUMAN enhancement drugs  |c /edited by Katinka Van de vVen, Kyle J.D. Mulrooney and Jim Mcveigh  |g xxiii,335p 
250 |c Ven, Katinka van de 
250 |c Mulrooney, Kyle J.D 
250 |c Mcveiggh, Jim 
260 |b Routledge  |c 2020  |h Oxon, UK  |i 700273  |i 700274  |l RM316.H88  |m Drugs of abuse  |m Drugs- Social aspects 
500 |a it includes references and index 
942 |a lcc  |c BK  |e Johnson  |f 22/12/23 
952 |0 0  |1 0  |2 lcc  |4 0  |6 RM0316 H88  |7 0  |9 4714  |a HE  |b HOL  |c QZ  |d 2023-12-22  |l 0  |o RM316.H88  |p 2023-0627  |r 2023-12-22 00:00:00  |t 700273  |w 2023-12-22  |y BK 
952 |0 0  |1 0  |2 lcc  |4 0  |6 RM0316 H88  |7 0  |9 4715  |a HOL  |b HOL  |c QZ  |d 2023-12-22  |l 0  |o RM316.H88  |p 2023-0628  |r 2023-12-22 00:00:00  |t 700274  |w 2023-12-22  |y BK 
999 |c 2363  |d 2363